000 00930nam a22002897a 4500
001 BR7310132
003 BR-BrBNA
005 20230928084151.0
007 ta
008 230509b bl.||||| |||| 00| 0 por d
040 _aBR-BrBNA
_bpor
_cBiblioteca Nacional de Agricultura
041 _a(Por)
072 _aE10
_b/G514
090 _ E10 BR7310132
110 1 _aSubsecretaria de Planejamento e Orcamento, Brasilia, DF (Brasil). Escritorio de Analise Economica e Politica Agricola
245 1 _aProduto interno liquido a custo de fatores, 1947-68 (Renda interna). Produto bruto da agricultura, 1947-69 [Macroeconomia; Brasil]
260 3 _aBrasilia, DF (Brasil):
_c1973.
300 _a500 p.
500 _aNumerical data
650 _aMacroeconomia
650 _aAgricultura
650 _aAnalise economica
650 _aCusto
650 _aRenda per capita
909 _a202309
_bLucia
_c55
_dLucia Elande
942 _cBK
999 _c17249
_d17249